|
|
|
|
| LEADER |
01156nam a2200289 a 4500 |
| 001 |
4432931 |
| 008 |
100705s1995 nyua b 001 0 eng d |
| 010 |
|
|
|a 94019593
|
| 020 |
|
|
|a 0471286397
|
| 020 |
|
|
|a 0442018738
|
| 040 |
|
|
|a DLC
|c DLC
|d DLC
|d DB-DhAAL
|
| 082 |
0 |
0 |
|a 004/.36
|2 20
|
| 100 |
1 |
|
|a Terplan, Kornel.
|
| 245 |
1 |
0 |
|a Applications for distributed systems and network management /
|c Kornel Terplan, Jill Huntington-Lee.
|
| 260 |
|
|
|a New York :
|b Van Nostrand Reinhold,
|c c1995.
|
| 300 |
|
|
|a x, 300 p. :
|b ill. ;
|c 24 cm.
|
| 490 |
0 |
|
|a VNR communications library
|
| 504 |
|
|
|a Includes bibliographical references (p. 381-385) and index.
|
| 541 |
1 |
|
|e 00007842
|
| 650 |
|
0 |
|a Electronic data processing
|x Distributed processing.
|
| 650 |
|
0 |
|a Client/server computing.
|
| 650 |
|
0 |
|a Computer networks
|x Management.
|
| 700 |
2 |
|
|a Huntington-Lee, Jill.
|
| 740 |
0 |
|
|a Distributed systems and network management.
|
| 852 |
4 |
|
|a Ayesha Abed Library
|j General Shelf.
|
| 999 |
|
|
|c 9181
|d 9181
|
| 952 |
|
|
|0 0
|1 0
|2 ddc
|4 0
|6 004_360000000000000_TER_1995
|7 0
|9 11558
|a BRACUL
|b BRACUL
|c GEN
|d 2010-07-05
|l 2
|m 10
|o 004.36 TER
|p 3010007842
|r 2023-02-12
|s 2022-06-14
|t 1
|w 2010-07-05
|y BK
|